<?xml version="1.0" encoding="UTF-8"?>
<record
    xmlns:xsi="http://www.w3.org/2001/XMLSchema-instance"
    xsi:schemaLocation="http://www.loc.gov/MARC21/slim http://www.loc.gov/standards/marcxml/schema/MARC21slim.xsd"
    xmlns="http://www.loc.gov/MARC21/slim">

  <leader>00395nam a22001577a 4500</leader>
  <controlfield tag="003">OSt</controlfield>
  <controlfield tag="005">20250303165905.0</controlfield>
  <controlfield tag="008">250303b        |||||||| |||| 00| 0 eng d</controlfield>
  <datafield tag="020" ind1=" " ind2=" ">
    <subfield code="a">9789390619740</subfield>
  </datafield>
  <datafield tag="040" ind1=" " ind2=" ">
    <subfield code="c">IIMT UNIVERSITY</subfield>
  </datafield>
  <datafield tag="100" ind1=" " ind2=" ">
    <subfield code="a">Dr Joginder Pathania</subfield>
  </datafield>
  <datafield tag="245" ind1=" " ind2=" ">
    <subfield code="a">Textbook of Pharmacology for Physiotherapy Students</subfield>
  </datafield>
  <datafield tag="260" ind1=" " ind2=" ">
    <subfield code="a">New Delhi</subfield>
    <subfield code="b">CBS</subfield>
  </datafield>
  <datafield tag="300" ind1=" " ind2=" ">
    <subfield code="a">516</subfield>
  </datafield>
  <datafield tag="942" ind1=" " ind2=" ">
    <subfield code="2">ddc</subfield>
    <subfield code="c">02</subfield>
  </datafield>
  <datafield tag="999" ind1=" " ind2=" ">
    <subfield code="c">65282</subfield>
    <subfield code="d">65282</subfield>
  </datafield>
  <datafield tag="952" ind1=" " ind2=" ">
    <subfield code="0">0</subfield>
    <subfield code="1">0</subfield>
    <subfield code="2">ddc</subfield>
    <subfield code="4">0</subfield>
    <subfield code="7">0</subfield>
    <subfield code="a">01</subfield>
    <subfield code="b">01</subfield>
    <subfield code="d">2025-03-03</subfield>
    <subfield code="e">Savera</subfield>
    <subfield code="g">695.00</subfield>
    <subfield code="i">24-25/CRB/947,,28-02-2025</subfield>
    <subfield code="l">0</subfield>
    <subfield code="p">01-B-143813</subfield>
    <subfield code="r">2025-03-03</subfield>
    <subfield code="w">2025-03-03</subfield>
    <subfield code="y">02</subfield>
  </datafield>
  <datafield tag="952" ind1=" " ind2=" ">
    <subfield code="0">0</subfield>
    <subfield code="1">0</subfield>
    <subfield code="2">ddc</subfield>
    <subfield code="4">0</subfield>
    <subfield code="7">0</subfield>
    <subfield code="a">01</subfield>
    <subfield code="b">01</subfield>
    <subfield code="d">2025-03-03</subfield>
    <subfield code="e">Savera</subfield>
    <subfield code="g">695.00</subfield>
    <subfield code="i">24-25/CRB/947,,28-02-2025</subfield>
    <subfield code="l">0</subfield>
    <subfield code="p">01-B-143814</subfield>
    <subfield code="r">2025-03-03</subfield>
    <subfield code="w">2025-03-03</subfield>
    <subfield code="y">02</subfield>
  </datafield>
  <datafield tag="952" ind1=" " ind2=" ">
    <subfield code="0">0</subfield>
    <subfield code="1">0</subfield>
    <subfield code="2">ddc</subfield>
    <subfield code="4">0</subfield>
    <subfield code="7">0</subfield>
    <subfield code="a">01</subfield>
    <subfield code="b">01</subfield>
    <subfield code="d">2025-03-03</subfield>
    <subfield code="e">Savera</subfield>
    <subfield code="g">695.00</subfield>
    <subfield code="i">24-25/CRB/947,,28-02-2025</subfield>
    <subfield code="l">0</subfield>
    <subfield code="p">01-B-143815</subfield>
    <subfield code="r">2025-03-03</subfield>
    <subfield code="w">2025-03-03</subfield>
    <subfield code="y">02</subfield>
  </datafield>
  <datafield tag="952" ind1=" " ind2=" ">
    <subfield code="0">0</subfield>
    <subfield code="1">0</subfield>
    <subfield code="2">ddc</subfield>
    <subfield code="4">0</subfield>
    <subfield code="7">0</subfield>
    <subfield code="a">01</subfield>
    <subfield code="b">01</subfield>
    <subfield code="d">2025-03-03</subfield>
    <subfield code="e">Savera</subfield>
    <subfield code="g">695.00</subfield>
    <subfield code="i">24-25/CRB/947,,28-02-2025</subfield>
    <subfield code="l">0</subfield>
    <subfield code="p">01-B-143816</subfield>
    <subfield code="r">2025-03-03</subfield>
    <subfield code="w">2025-03-03</subfield>
    <subfield code="y">02</subfield>
  </datafield>
  <datafield tag="952" ind1=" " ind2=" ">
    <subfield code="0">0</subfield>
    <subfield code="1">0</subfield>
    <subfield code="2">ddc</subfield>
    <subfield code="4">0</subfield>
    <subfield code="7">0</subfield>
    <subfield code="a">01</subfield>
    <subfield code="b">01</subfield>
    <subfield code="d">2025-03-03</subfield>
    <subfield code="e">Savera</subfield>
    <subfield code="g">695.00</subfield>
    <subfield code="i">24-25/CRB/947,,28-02-2025</subfield>
    <subfield code="l">1</subfield>
    <subfield code="p">01-B-143817</subfield>
    <subfield code="r">2026-04-09</subfield>
    <subfield code="s">2025-03-20</subfield>
    <subfield code="w">2025-03-03</subfield>
    <subfield code="y">02</subfield>
  </datafield>
  <datafield tag="952" ind1=" " ind2=" ">
    <subfield code="0">0</subfield>
    <subfield code="1">0</subfield>
    <subfield code="2">ddc</subfield>
    <subfield code="4">0</subfield>
    <subfield code="7">0</subfield>
    <subfield code="a">01</subfield>
    <subfield code="b">01</subfield>
    <subfield code="d">2025-03-03</subfield>
    <subfield code="e">Savera</subfield>
    <subfield code="g">695.00</subfield>
    <subfield code="i">24-25/CRB/947,,28-02-2025</subfield>
    <subfield code="l">0</subfield>
    <subfield code="p">01-B-143818</subfield>
    <subfield code="r">2025-03-03</subfield>
    <subfield code="w">2025-03-03</subfield>
    <subfield code="y">02</subfield>
  </datafield>
  <datafield tag="952" ind1=" " ind2=" ">
    <subfield code="0">0</subfield>
    <subfield code="1">0</subfield>
    <subfield code="2">ddc</subfield>
    <subfield code="4">0</subfield>
    <subfield code="7">0</subfield>
    <subfield code="a">01</subfield>
    <subfield code="b">01</subfield>
    <subfield code="d">2025-03-03</subfield>
    <subfield code="e">Savera</subfield>
    <subfield code="g">695.00</subfield>
    <subfield code="i">24-25/CRB/947,,28-02-2025</subfield>
    <subfield code="l">0</subfield>
    <subfield code="p">01-B-143819</subfield>
    <subfield code="r">2025-03-03</subfield>
    <subfield code="w">2025-03-03</subfield>
    <subfield code="y">02</subfield>
  </datafield>
  <datafield tag="952" ind1=" " ind2=" ">
    <subfield code="0">0</subfield>
    <subfield code="1">0</subfield>
    <subfield code="2">ddc</subfield>
    <subfield code="4">0</subfield>
    <subfield code="7">0</subfield>
    <subfield code="a">01</subfield>
    <subfield code="b">01</subfield>
    <subfield code="d">2025-03-03</subfield>
    <subfield code="e">Savera</subfield>
    <subfield code="g">695.00</subfield>
    <subfield code="i">24-25/CRB/947,,28-02-2025</subfield>
    <subfield code="l">0</subfield>
    <subfield code="p">01-B-143820</subfield>
    <subfield code="r">2025-03-03</subfield>
    <subfield code="w">2025-03-03</subfield>
    <subfield code="y">02</subfield>
  </datafield>
  <datafield tag="952" ind1=" " ind2=" ">
    <subfield code="0">0</subfield>
    <subfield code="1">0</subfield>
    <subfield code="2">ddc</subfield>
    <subfield code="4">0</subfield>
    <subfield code="7">0</subfield>
    <subfield code="a">01</subfield>
    <subfield code="b">01</subfield>
    <subfield code="d">2025-03-03</subfield>
    <subfield code="e">Savera</subfield>
    <subfield code="g">695.00</subfield>
    <subfield code="i">24-25/CRB/947,,28-02-2025</subfield>
    <subfield code="l">1</subfield>
    <subfield code="p">01-B-143821</subfield>
    <subfield code="r">2025-09-08</subfield>
    <subfield code="s">2025-03-20</subfield>
    <subfield code="w">2025-03-03</subfield>
    <subfield code="y">02</subfield>
  </datafield>
  <datafield tag="952" ind1=" " ind2=" ">
    <subfield code="0">0</subfield>
    <subfield code="1">0</subfield>
    <subfield code="2">ddc</subfield>
    <subfield code="4">0</subfield>
    <subfield code="7">0</subfield>
    <subfield code="a">01</subfield>
    <subfield code="b">01</subfield>
    <subfield code="d">2025-03-03</subfield>
    <subfield code="e">Savera</subfield>
    <subfield code="g">695.00</subfield>
    <subfield code="i">24-25/CRB/947,,28-02-2025</subfield>
    <subfield code="l">0</subfield>
    <subfield code="p">01-B-143822</subfield>
    <subfield code="r">2025-03-03</subfield>
    <subfield code="w">2025-03-03</subfield>
    <subfield code="y">02</subfield>
  </datafield>
</record>
